| 000 | 00703nam a2200229 a 4500 | ||
|---|---|---|---|
| 001 | 45886 | ||
| 003 | BD-RjUL | ||
| 005 | 20211209054100.0 | ||
| 008 | 160728b unk|||| |||| 001 0 eng d | ||
| 020 | _a674471857 | ||
| 035 | _a(BD-RjUL) | ||
| 040 |
_aBD-RjUL _beng _cBD-RjUL _dBD-RjUL |
||
| 041 | _aeng | ||
| 082 |
_223 _bSMJ 1972 _a378.19810952 |
||
| 100 | 1 | 0 |
_aSmith, Henry Dewitt _9140334 |
| 245 |
_aJapan's first student radicals / _cHenry D Smith, II |
||
| 260 |
_aCambridge : _bHarvard university press, _cc1972 |
||
| 300 |
_a341 p. : _bill. ; _c23 cm. |
||
| 504 | _aIncludes index and bibliography. | ||
| 650 |
_aCollege students _xPolitical activity _zJapan _9140335 |
||
| 942 |
_2ddc _cBK |
||
| 999 |
_c45886 _d45886 |
||